| Tag |
First Indicator |
Second Indicator |
Subfields |
| LEADER |
00000cam a2200000 a 4500 |
| 001 |
in00000002380 |
| 005 |
20151007050657.0 |
| 008 |
981208s1998 dcua b f000 0 eng d |
| 035 |
|
|
|a (OCoLC)40454482
|
| 035 |
|
|
|9 AJC8877AM
|
| 040 |
|
|
|a GPO
|c GPO
|d DLC
|d MvI
|d UtOrBLW
|
| 043 |
|
|
|a n-us---
|
| 049 |
|
|
|a UDOC
|
| 074 |
|
|
|a 0612
|
| 086 |
0 |
|
|a I 49.2:ST 8/13
|
| 110 |
2 |
|
|a Sport Fishing and Boating Partnership Council (U.S.)
|
| 245 |
1 |
0 |
|a Recommendation to the Secretary of the Interior /
|c by the Sport Fishing & Boating Partnership Council.
|
| 246 |
1 |
4 |
|a Strategic plan for the national outreach and communication program as required by the Sportfishing and Boating Safety Act of 1998
|
| 246 |
0 |
7 |
|a SFBPC strategic plan
|
| 264 |
|
1 |
|a [Washington, D.C.?] :
|b The Council,
|c [1998]
|
| 300 |
|
|
|a 89, 34, 33 leaves :
|b illustrations ;
|c 22 x 28 cm.
|
| 336 |
|
|
|a text
|b txt
|2 rdacontent
|
| 337 |
|
|
|a unmediated
|b n
|2 rdamedia
|
| 338 |
|
|
|a volume
|b nc
|2 rdacarrier
|
| 500 |
|
|
|a "Final report"--Cover.
|
| 500 |
|
|
|a Shipping list number: 99-0049-P.
|
| 500 |
|
|
|a "September 15, 1998"--Cover.
|
| 504 |
|
|
|a Includes bibliographical references.
|
| 650 |
|
0 |
|a Fishing
|x Government policy
|z United States.
|
| 650 |
|
0 |
|a Boats and boating
|x Government policy
|z United States.
|
| 999 |
|
|
|a MARS
|
| 999 |
f |
f |
|s 3b76b129-c9a3-36c2-a8e2-08cc41bf1f2d
|i 5f0d85e9-736a-3204-b7b0-bdf82a3ffd60
|t 0
|
| 952 |
f |
f |
|p normal
|a Texas A&M University
|b College Station
|c Sterling C. Evans Library
|d Evans: US Documents (Annex 5th floor)
|t 0
|e I 49.2:ST 8/13
|h Superintendent of Documents classification
|i unmediated -- volume
|m A14824402831
|
| 998 |
f |
f |
|a I 49.2:ST 8/13
|t 0
|l Evans: US Documents (Annex 5th floor)
|